000 01018nam a22002417a 4500
003 KOHA_MİRAKIL
005 20260415085349.0
008 260415b tu ||||| |||| 00| 0 tur d
040 _aTR-AnABB
_btur
_cTR-AnABB
041 _atur
082 _a307.12561
_bGUN 1989 C.1
110 2 _aT.C.
_bBaşbakanlık
_bDevlet Planlama Teşkilatı
_93454
245 1 0 _aGüneydoğu Anadolu Projesi Master plan çalışması :
_bMaster plan nihai raporu /
_cDevlet Planlama Teşkilatı
246 _aYöneticiler için özet
260 _aAnkara :
_b[yayl. y.] ,
_c1989
300 _a1.c., 27 sayfa :
_bresim, harita, tablo ;
_c24 cm
500 _a1. Cilt : Yöneticiler için özet
505 _aİçindekiler: Giriş - Kalkınma Hedefleri ve Stratejisi - Kalkınma Senaryoları - Kalkınma Çerçeveleri - Kaynak Geliştirmesi - Gelişme Alanları ve Projeler - Kurumsal Önlemler
650 0 4 _aBölge planlama
650 0 4 _aBölge planlama, Türkiye
900 _bCan ÇELIK
942 _2ddc
_cBK
999 _c10249
_d10249